00531nam a2200145Ia 4500008004100000024003400041082002300075100004400098245002900142260002500171600002100196650003800217952011300255999001700368250506s9999 xx 000 0 und d a99B-BCS5-03 & 99B-BCS5-15 a005.3883172072 SYE aSyed Zohair Asghar Rizvi & Sohail Ahmed 0aPossible Routes Provider aKarachi:bUIT,c1999 aComputer Science aBachelor of Computer Science (BS) 001040708PR-CSaUITUbUITUd2022-07-26l0o005.3883172072 SYEpBS-68r2025-05-06 11:34:06w2025-05-06yPR c27631d27631